<?xml version="1.0" encoding="UTF-8"?>
<collection xmlns="http://www.loc.gov/MARC21/slim">
  <record>
    <leader>00000nam  2200000   4500</leader>
    <controlfield tag="001">INLIS000000000018294</controlfield>
    <controlfield tag="005">20240924021227</controlfield>
    <datafield tag="035" ind1="#" ind2="#">
      <subfield code="a">0010-0924000123</subfield>
    </datafield>
    <controlfield tag="007">ta</controlfield>
    <controlfield tag="008">240924###########################0######</controlfield>
    <datafield tag="245" ind1="#" ind2="#">
      <subfield code="a">AKSI JEMPOL :</subfield>
      <subfield code="b">Aktivasi identitas kependudukan digital melalui jemput bola /</subfield>
      <subfield code="c">Suriansyah, S.T</subfield>
    </datafield>
    <datafield tag="260" ind1="#" ind2="#">
      <subfield code="a">Makassar :</subfield>
      <subfield code="b">Puslatbang KMP LAN RI Makassar,</subfield>
      <subfield code="c">2024</subfield>
    </datafield>
    <datafield tag="300" ind1="#" ind2="#">
      <subfield code="a">32 ;</subfield>
      <subfield code="c">30</subfield>
    </datafield>
    <datafield tag="650" ind1="#" ind2="4">
      <subfield code="a">Menjangkau masyarakat dalam pelayanan administrasi kependudukan</subfield>
    </datafield>
    <datafield tag="700" ind1=" " ind2="#">
      <subfield code="a">Rahmawani, S.Hut (Mentor)</subfield>
    </datafield>
    <datafield tag="700" ind1=" " ind2="#">
      <subfield code="a">Ahmad Sukarno Syahrir, S.IP., M.Adm., SDA (Coach)</subfield>
    </datafield>
    <datafield tag="520" ind1="#" ind2="#">
      <subfield code="a">Dalam rangka mengikuti penerapan teknologi informasi dan komunikasi untuk digitalisasi Kependudukan, serta meningkatkan pelayanan publik. IKD diterapkan untuk memastikan data penduduk aktif dan dapat digunakan dipelayanan publik lainnya, seperti verifikasi bantuan sosial, pendaftaran sekolah, pelayanan bandara, perbankan dan lain-lain. IKD memiliki peran besar sebgai kunci Single Sign On (SSO) Nasional untuk seluruh pelayanan publik Pemerintah dan Swasta.&#13;
&#13;
IKD (Identitas Kependudukan Digital) mulai diterapkan untuk masyarakat umum sejak awal tahun 2023, awalnya IKD (Identitas Kependudukan Digital) diujicoba kepada pegawai disdukcapil Kabupaten/kota dan kemudian kepada ASN, dan masyarakat.pada tahun 2024 dirjen kependudukan dan pencatatan sipil menargetkan penerbitan IKD sebesar 30% dari total perekaman.untuk dapat mengaktivasi Identitas Kependudukan digital masyarakat harus datang ke kantor disdukcapil untuk mendapatkan kode QR, agar bisa Identitas Kependudukan Digital bisa digunakan.&#13;
&#13;
untuk itu Gagasan yang ditawarkan dalam aksi Perubahan untuk menyelesaikan masalah adalah dengan melakukan AKSI Jempol ( Aktivasi Identitas Kependudukan Digital melalui Jemput Bola) untuk menjangkau masyarakat dalam pelayanan Administrasi Kependudukan.</subfield>
    </datafield>
    <datafield tag="856" ind1="#" ind2="#">
      <subfield code="a">Puslatbang KMP LAN RI Makassar</subfield>
    </datafield>
  </record>
</collection>
